• 首页
  • 本馆介绍
  • 公告通知
  • 最新文献
  • 馆藏检索
  • 电子资源
  • 读者导购
  • 参考咨询
  • 我的图书馆
  • 登录
  • 详细信息显示
  • 放入我的书架
  • 预约/预借图书
  • 作者相关作品
  • 分类相关作品
  • 丛书相关作品
  • 出版社相关作品

书目信息

  • 表格格式
  • 工作单格式
  • 卡片格式
题名:
恐怖主义与国际治理
    
 
作者: 李湛军 著
分册:  
出版信息: 北京   中国经济出版社  2006
页数: 4, 390页
开本: 24cm
丛书名:
单 册:
中图分类: D815.5
科图分类:
主题词: 恐怖主义--国际问题--研究
电子资源:
ISBN: 7-5017-6982-6
000 01388nam0 2200337 450
000 01351nam0 2200325 450
000 01333nam0 2200337 450
000 01279nam0 2200313 450
000 01297nam0 2200301 450
000 01260nam0 2200289 45
001 0195145310
005 20070111151923.67
010    @a7-5017-6982-6@dCNY48.00
100    @a20060829d ekmy0chiy0110 ea
101 0  @achi
102    @aCN@b110000
105    @ay z 000yy
200 1  @a恐怖主义与国际治理@Akong bu zhu yi yu guo ji zhi li@d=Terrorism & International Governance@f李湛军著@Fli zhan jun zhu
210    @a北京@c中国经济出版社@d2006
215    @a4, 390页@c图@d24cm
300    @a并列题名:Terrorism & International Governance
320    @a本书第385-388页附有书目
330    @a本书在综合分析国内外相关研究成果的基础上,运用自己的思维方法,对恐怖主义概念定义、类型划分、历史发展、形成机理等问题进行了系统的理论探讨,分析了伊斯兰教旨主义与恐怖主义的关系,运用作者在国外调研掌握的大量可靠的第一手资料,揭示了中国境外“东突”恐怖势力的真实面目等。
510 1  @aTerrorism & International Governance@zeng
606 0  @a恐怖主义@x国际问题@x研究
690    @aD815.5@v4
701  0 @a李湛军@Ali zhan jun@4著
801  0 @aCN@b中图数据@c20070111
905    @a10447@dD815.5@e83
    
    恐怖主义与国际治理=Terrorism & International Governance/李湛军著.-北京:中国经济出版社,2006
    4, 390页:图;24cm
    并列题名:Terrorism & International Governance
    
    ISBN 7-5017-6982-6:CNY48.00
    本书在综合分析国内外相关研究成果的基础上,运用自己的思维方法,对恐怖主义概念定义、类型划分、历史发展、形成机理等问题进行了系统的理论探讨,分析了伊斯兰教旨主义与恐怖主义的关系,运用作者在国外调研掌握的大量可靠的第一手资料,揭示了中国境外“东突”恐怖势力的真实面目等。
●
相关链接 在E读中查询图书 在五车中查询图书 在当当中查询图书 在豆瓣中查询图书


正题名:恐怖主义与国际治理     索取号:D815.5/83         预约/预借

序号 登录号 条形码 馆藏地/架位号 状态 备注
1 0619669   206196695   第一样本阅览室/ [索取号:D815.5/83] 在馆    
2 0619670   206196702   第一借阅区/ [索取号:D815.5/83] 在馆    
3 0619671   206196711   第一借阅区/ [索取号:D815.5/83] 在馆    
4 0619672   206196720   第一借阅区/ [索取号:D815.5/83] 在馆    
5 0619673   206196739   第一借阅区/ [索取号:D815.5/83] 在馆    
唐山师范学院图书馆 欢迎您!
大连网信软件有限公司© 版权所有